| 000 | 00801nam a2200229Ia 4500 | ||
|---|---|---|---|
| 008 | 191130s2007##################000#0#eng## | ||
| 020 | _a9798182742511 | ||
| 040 |
_aACL _cACL |
||
| 082 | _a327.174 MEH.2 | ||
| 245 |
_aEncyclopaedia of nuclear arms control & non-proliferation _cedited by Maj Gen R.S. Mehta |
||
| 260 |
_aNew Delhi _bPentagon Press _cc2007 |
||
| 300 | _a5 v. ; 25 cm | ||
| 500 | _aIncludes bibliographical references (p.1436-1456) and index | ||
| 650 | _aNuclear arms control -- Encyclopedias | ||
| 650 | _aNuclear nonproliferation -- Encyclopedias | ||
| 650 | _aNuclear weapons -- Encyclopedias | ||
| 650 | _aNuclear weapons (International law) | ||
| 700 | _aMehta, Gen R. S | ||
| 990 | _a17c8a3faac10000c10ae5f6c40ae9951 | ||
| 991 | _a397962 | ||
| 999 |
_c257230 _d257230 |
||